[Event "Capitan San Luis Memorial 3rd"]
[Site "Havana"]
[Date "2018.04.18"]
[Round "3"]
[White "Cruz Fleitas, Alexis"]
[Black "Naranjo Carrillo, Eriberto"]
[Result "1/2-1/2"]
[WhiteElo "1993"]
[BlackElo "1871"]
[PlyCount "90"]
[EventDate "2018.04.16"]
[EventType "swiss"]
[EventRounds "9"]
[EventCountry "CUB"]
[SourceTitle "EXT 2021"]
[Source "ChessBase"]
[SourceDate "2020.10.23"]
[SourceVersion "1"]
[SourceVersionDate "2020.10.23"]
[SourceQuality "1"]

1. e4 e5 2. Nf3 Nc6 3. Bc4 Nf6 4. d3 Bc5 5. c3 0-0 6. 0-0 d6 7. Bb3 Bg4 8. Be3 Bb6 9. Re1 h6 10. Nbd2 d5 11. Bxb6 axb6 12. h3 Bh5 13. exd5 Nxd5 14. Ne4 Nf4 15. Re3 Qd7 16. Qd2 Bg6 17. Rd1 Rfd8 18. d4 Ra5 19. dxe5 Qe7 20. Qe1 Nxe5 21. Ng3 Nxf3+ 22. Rxf3 Rxd1 23. Qxd1 Re5 24. Qd2 Ne2+ 25. Kh2 Nxg3 26. Rxg3 Kh8 27. Bc4 c6 28. Re3 b5 29. Bb3 Rxe3 30. Qxe3 Qxe3 31. fxe3 Be4 32. Bxf7 g5 33. Bh5 Kg7 34. Bf3 Bb1 35. a3 Kf6 36. Kg3 Ba2 37. h4 gxh4+ 38. Kxh4 Bf7 39. Kg4 Ke5 40. Kh4 Bg6 41. Kg4 Bf7 42. Kg3 Kf5 43. e4+ Ke5 44. Kf2 Bg6 45. Ke3 b6 1/2-1/2

[Event "Capitan San Luis Memorial 3rd"]
[Site "Havana"]
[Date "2018.04.16"]
[Round "1"]
[White "Quesada Batista, Jose Manuel"]
[Black "Naranjo Carrillo, Eriberto"]
[Result "0-1"]
[WhiteElo "2041"]
[BlackElo "1871"]
[PlyCount "64"]
[EventDate "2018.04.16"]
[EventType "swiss"]
[EventRounds "9"]
[EventCountry "CUB"]
[SourceTitle "EXT 2021"]
[Source "ChessBase"]
[SourceDate "2020.10.23"]
[SourceVersion "1"]
[SourceVersionDate "2020.10.23"]
[SourceQuality "1"]

1. e4 e5 2. Nf3 Nc6 3. d4 exd4 4. Nxd4 Bc5 5. Be3 Qf6 6. c3 Nge7 7. Be2 0-0 8. 0-0 d5 9. Nxc6 Qxc6 10. Bxc5 Qxc5 11. Nd2 Be6 12. exd5 Nxd5 13. Ne4 Qb6 14. Qc1 Bf5 15. Ng3 Bg6 16. c4 Nf6 17. Qc3 Rfe8 18. Rfe1 c5 19. Bf3 Rad8 20. Rad1 h6 21. b3 Rd4 22. Rxe8+ Nxe8 23. Rxd4 cxd4 24. Qd2 Nd6 25. Ne2 d3 26. Nf4 Qd4 27. Nxg6 fxg6 28. g3 Ne4 29. Qe3 Qxe3 30. fxe3 d2 31. Kf1 Nc3 32. e4 Kf7 0-1